Systems graphics : (Record no. 12174)
[ view plain ]
| 000 -LEADER | |
|---|---|
| fixed length control field | 00993pam a2200265 a 4500 |
| 001 - CONTROL NUMBER | |
| control field | 3294950 |
| 005 - DATE AND TIME OF LATEST TRANSACTION | |
| control field | 19831103000000.0 |
| 008 - FIXED-LENGTH DATA ELEMENTS--GENERAL INFORMATION | |
| fixed length control field | 830222s1984 nyua 001 0 eng |
| 010 ## - LIBRARY OF CONGRESS CONTROL NUMBER | |
| LC control number | 83000866 |
| 020 ## - INTERNATIONAL STANDARD BOOK NUMBER | |
| International Standard Book Number | 0070615519 : |
| 040 ## - CATALOGING SOURCE | |
| Original cataloging agency | DLC |
| Transcribing agency | DLC |
| Modifying agency | DLC |
| 050 00 - LIBRARY OF CONGRESS CALL NUMBER | |
| Classification number | T352 |
| Item number | .S74 1984 |
| 082 00 - DEWEY DECIMAL CLASSIFICATION NUMBER | |
| Classification number | 604.2 |
| Edition number | 19 |
| Item number | STI |
| 100 1# - MAIN ENTRY--PERSONAL NAME | |
| Personal name | Stitt, Fred A. |
| 9 (RLIN) | 7465 |
| 245 10 - TITLE STATEMENT | |
| Title | Systems graphics : |
| Remainder of title | Breakthroughs in drawing production and project management for architects, designers, and engineers / |
| Statement of responsibility, etc | Fred A. Stitt. |
| 260 ## - PUBLICATION, DISTRIBUTION, ETC. (IMPRINT) | |
| Place of publication, distribution, etc | New York : |
| Name of publisher, distributor, etc | McGraw-Hill, |
| Date of publication, distribution, etc | c1984. |
| 300 ## - PHYSICAL DESCRIPTION | |
| Extent | viii, 261 p. : |
| Other physical details | ill. ; |
| Dimensions | 29 cm. |
| 490 #4 - Series Statement | |
| Series statement | The McGraw-Hill designing with systems series |
| 500 ## - GENERAL NOTE | |
| General note | Includes index. |
| 650 #0 - SUBJECT ADDED ENTRY--TOPICAL TERM | |
| Topical term or geographic name as entry element | Drawing-room practice. |
| 9 (RLIN) | 7466 |
| 650 #0 - SUBJECT ADDED ENTRY--TOPICAL TERM | |
| Topical term or geographic name as entry element | Copying processes. |
| 9 (RLIN) | 7467 |
| 650 #0 - SUBJECT ADDED ENTRY--TOPICAL TERM | |
| Topical term or geographic name as entry element | Engineering graphics. |
| 9 (RLIN) | 7468 |
| 942 ## - ADDED ENTRY ELEMENTS (KOHA) | |
| Source of classification or shelving scheme | Dewey Decimal Classification |
| Item type | Book - Borrowing |
| Withdrawn status | Item status | Source of classification or shelving scheme | Damaged status | Not for loan | Vendor | Home library | Current library | Shelving location | Date acquired | Source of acquisition | Cost, normal purchase price | Serial Enumeration / chronology | Total Checkouts | Full call number | Barcode | Date last seen | Koha item type |
|---|---|---|---|---|---|---|---|---|---|---|---|---|---|---|---|---|---|
| Dewey Decimal Classification | Alahram | Central Library | Central Library | First floor | 02/07/2009 | 71.30 | 72 | 604.2 STI | 000017268 | 15/07/2025 | Book - Borrowing |